000 01606nam0a2200337 4500
001 RU\NLR\bibl\77899
005 20260406004112.0
021 _aRU
_b1998-44111
_92116
035 _a(NLR Aleph) 000076054
090 _a421588
_c421588
100 _a20000331d1998 |||y0rusy50 ca
101 0 _arus
102 _aRU
105 _aa |||||||||
200 1 _aГрудное вскармливание - залог здорового развития ребенка
_fМ.Е. Ланцбург, С.Г. Макарова, С.В. Соколова, А.Р. Удальцова
_g[Общ. ред. К.С. Ладодо, проф., д.м.н., М.Е. Ланцбург, к.б.н.]
_gБлаготвор. фонд "Здоровые дети в здоровом мире"
210 _aМ.
_cБ.и.
_d1998
215 _a28 с.
_cил.
_d21
225 1 _aВ помощь родителям
606 0 _aГрудные дети
_xВскармливание женским молоком
_9935884
_3RU\NLR\auth\66345396
686 _aР128.919-371
701 1 _aЛанцбург
_bМ. Е.
_4070
701 1 _4070
_8rus
_7ca
_aМакарова
_bС. Г.
_cд-р мед. наук
_gСветлана Геннадиевна
_3RU\NLR\auth\77113626
_996551
701 1 _aСоколова
_bС. В.
_4070
701 1 _aУдальцова
_bА. Р.
_4070
702 1 _4340
_7ca
_8rus
_aЛадодо
_bК. С.
_f1924-
_gКалерия Сергеевна
_9150580
_3RU\NLR\AUTH\770150617
801 0 _aRU
_bNLR
_c20000331
_gPSBO
801 1 _aRU
_bNLR
_c20000331
852 _aNLR
_j2000-4/181
942 _cBOOK
980 _aNB